Aby sa zákazník nestratil

Úloha orientečného systému spočíva v informačnej funkcii, ktorú sprostredkúva pri komunikácii spoločnosti, inštitúcie s verejnosťou. Najnovšie trendy v oblasti orientačných systémov na Slovensku. Aký má byť orientačný systém. Orientačný systém ako súčasť marketingovej komunikácie. Široký sortiment t...

Descrizione completa

Salvato in:
Dettagli Bibliografici
Autore principale: Doktor, Vladislav
Natura: Capitolo di libro
Lingua:slovacco
Soggetti:
Tags: Aggiungi Tag
Nessun Tag, puoi essere il primo ad aggiungerne!!

MARC

LEADER 00000naa$a2200000$$$4500
001 0035195
005 20231107130019.7
041 0 |a slo 
044 |a SK 
245 1 0 |a Aby sa zákazník nestratil  |c Vladislav Doktor 
520 |a Úloha orientečného systému spočíva v informačnej funkcii, ktorú sprostredkúva pri komunikácii spoločnosti, inštitúcie s verejnosťou. Najnovšie trendy v oblasti orientačných systémov na Slovensku. Aký má byť orientačný systém. Orientačný systém ako súčasť marketingovej komunikácie. Široký sortiment typov, tvarov a materiálových vyhotovení orientačných systémov. 
610 2 0 |a inštitúcia 
610 2 0 |a komunikácia neverbálna 
610 2 0 |a komunikácia marketingová 
610 2 0 |a prostriedky reklamné 
100 1 |a Doktor, Vladislav